01469nam a2200373 a 450000100060000000300100000600500170001600700030003300800410003602000180007704000300009504100080012504300120013308200230014508400070016810000450017524000370022024500420025725000180029930000200031733600270033733700330036433800280039749000250042560000760045065000890052665100730061565100810068894200120076994900160078199900170079795201330081495201480094760540CO-BoRNBP20260218211444.0ta130621s2012 ck gr 000 0dspa d a9789584493378 aCO-BoBLA bspa cCO-BoBLA0 aspa as-ck---04a304.82 bM68c 219 a001 aMoure Dupuis, Benjamín, d1977-96901410aBogotá-Bibliografía regional10aCloaca de Babel / cBenjamín Moure. a1a. edición a87 p ; c15 cm. 2rdacontentatextobtxt 2rdamediaasin mediaciónbn 2rdacarrieravolumenbnc0 aInmigrantes II ; v317aMoure Dupuis, Benjamín, d1977-x Viajesx Relatos personales.969015 7aInmigrantes colombianosz Barcelona (España)x Relatos personales.2BLAAUTO969016 7aColombiax Emigración e inmigraciónx Relatos personales.967695 7aBarcelona (España)x Vida social y costumbresx Relatos personales.969017 2ddccBK an bn c60540d60540 00102ddc40708GENaMELEJANIbMELEJANIcGENd2026-02-18l0o304.82 M68c pLEJ02323r2026-02-18 21:15:48tEj.1w2026-02-18yBK 00102ddc40708012aMEGRANADbMEGRANADcLITd2026-03-05eBIBLIOTECA NACIONALl0oN-INM2pGRDA05108r2026-03-05 22:12:20tEj.1w2026-03-05yBK